[Event "Ronne Jubilaum"]
[Site "Ronne"]
[Date "2001.06.24"]
[Round "1"]
[White "Jakobsen, Ole"]
[Black "Almind, Heinrick Dalsgaard"]
[Result "1-0"]
[WhiteElo "2399"]
[BlackElo "2238"]
[PlyCount "141"]
[EventDate "2001.06.24"]
[EventType "swiss"]
[EventRounds "9"]
[EventCountry "DEN"]
[SourceTitle "EXT 2023"]
[Source "ChessBase"]
[SourceDate "2022.10.05"]
[SourceVersion "1"]
[SourceVersionDate "2022.10.05"]
[SourceQuality "1"]

1. d4 e6 2. g3 d5 3. Bg2 Nf6 4. Nf3 b6 5. 0-0 Bb7 6. c4 Be7 7. cxd5 exd5 8. Nc3 0-0 9. Bf4 Nbd7 10. Rc1 Nh5 11. Bd2 Nhf6 12. Bg5 Re8 13. Qb3 h6 14. Bf4 c5 15. Rfd1 c4 16. Qc2 a6 17. a4 Nf8 18. Ne5 Ra7 19. b3 Qc8 20. bxc4 dxc4 21. e4 Ne6 22. Be3 Bb4 23. Nd5 Nxd5 24. exd5 Nf8 25. Qxc4 Qxc4 26. Rxc4 Bd6 27. Nc6 Raa8 28. Rc2 Nd7 29. Rb2 b5 30. axb5 axb5 31. Rxb5 Ba6 32. Ra5 Bc4 33. Bf4 Bxf4 34. gxf4 Rxa5 35. Nxa5 Bb5 36. Nc6 Nf6 37. Rc1 Kf8 38. Ne5 Ra8 39. Bf3 Rd8 40. Rc5 Ba4 41. Nc6 Rd6 42. Ra5 Bb3 43. Ra8+ Ne8 44. Nb4 Ke7 45. Ra3 Bc4 46. Ra7+ Kf8 47. Ra8 Rd7 48. h4 Rd6 49. f5 g6 50. fxg6 fxg6 51. Rc8 Bb5 52. Nc6 Bc4 53. Ne5 Bxd5 54. Bxd5 Rxd5 55. Nxg6+ Kf7 56. Ne5+ Ke7 57. Nf3 Nd6 58. Ra8 Nf5 59. Ra4 Kf6 60. Kg2 Nd6 61. Ra1 Kf5 62. Rc1 Ne4 63. Rc8 Kf4 64. Rf8+ Kg4 65. Ne5+ Kh5 66. Rf5+ Ng5 67. hxg5 hxg5 68. f4 Rxd4 69. Rxg5+ Kh6 70. Kf3 Ra4 71. Kg4 1-0